|
|
|
|
| LEADER |
00000nam a2200000Ia 4500 |
| 008 |
160919b2009 m ||||| |||| 00| | spa d |
| 020 |
|
|
|a 09685573263
|
| 090 |
|
|
|a 05.01.02
|b 1028
|
| 245 |
1 |
3 |
|a La historia de vida: el encuentro con nuestra subjetividad / Anita Barabtarlo ... [et al.]
|
| 260 |
|
|
|a México :
|b Castellanos editores,
|c 2009
|
| 300 |
|
|
|a 256 páginas
|
| 490 |
|
|
|a Colección Escuela subjetividad
|
| 650 |
1 |
4 |
|a INVESTIGACIÓN SOCIAL
|9 290
|
| 650 |
1 |
4 |
|a INVESTIGACIÓN CUALITATIVA
|9 317
|
| 650 |
1 |
4 |
|a VIDA COTIDIANA
|9 597
|
| 700 |
1 |
|
|a Barabtarlo, Anita
|9 2007
|e compilador/a
|
| 942 |
|
|
|i 002937
|h 05.01.02 1028
|2 z
|c 01
|
| 999 |
|
|
|c 400
|d 400
|